000 00597nam a2200241Ia 4500
003 OSt
005 20220918222716.0
006 a|||||r|||| 00| 0
007 ta
008 220917b |||||||| |||| 00| 0 eng d
024 _a217,936
037 _cTextual
040 _aARTS
_cARTS
_beng
041 _2eng
_aeng
082 _aR, P2
100 _aBaggini Julian
_9141882
245 0 _aPhilosophy key texts
260 _aNew York
_bPalgrave
_c2002
300 _axii, 140p
_ccm.
650 _aPHILOSOPHY
942 _hR, P2
_cTEXL
_2CC
999 _c276271
_d276271